000 00667nam a22002537a 4500
003 UA-OsUOA
001 28375
007 ta
008 20050321b un ||||| |||| 00| 0 ukr d
100 _aМакаркин А. И.
090 _a343.13(470)
_bМ15
942 _cBK
040 _aUA-OsUOA
_brus
_cUA-OsUOA
_dUA-OsUOA
245 _aСостязательность на предарительном следствии
300 _a265 с.
955 _a0
041 _arus
080 _a343.13(470)
020 _a5-94201-286-5
260 _aСПб
_bЮридический центр Пресс
_c2004
044 _aRU
650 7 _2UDC
999 _c314742
_d314742